[Event "2. Memorial Oliver Gonzalez 2011"]
[Site "Madrid ESP"]
[Date "2011.10.15"]
[Round "8.64"]
[White "Jimenez Vera, Ruben"]
[Black "Sierra Soria, Maria"]
[Result "1/2-1/2"]
[WhiteElo "1591"]
[BlackElo "1782"]
[PlyCount "105"]
[EventDate "2011.10.08"]
[EventType "swiss"]
[EventRounds "9"]
[EventCountry "ESP"]
[Source "lmi"]
[SourceDate "2011.10.08"]

1. Nf3 f5 2. d4 Nf6 3. g3 g6 4. Bg2 Bg7 5. Nc3 O-O 6. O-O d6 7. Bg5 Nbd7 8. Re1
Ne4 9. Qd3 h6 10. Bc1 Ndf6 11. Nh4 Nxc3 12. bxc3 Qe8 13. Rb1 c6 14. e4 fxe4 15.
Bxe4 Nxe4 16. Qxe4 Qf7 17. f4 e5 18. dxe5 dxe5 19. Ba3 Re8 20. Bd6 Be6 21. Qxg6
exf4 22. Qxf7+ Bxf7 23. Rxe8+ Rxe8 24. Bxf4 b6 25. Nf5 Bxc3 26. Nxh6+ Kg7 27.
Nxf7 Kxf7 28. Kf1 Kg6 29. Rd1 Kf5 30. h4 Kg4 31. Kf2 Bf6 32. Rd6 Bxh4 33. Rxc6
Be7 34. Rg6+ Kf5 35. Rg7 Kf6 36. Rh7 Kg6 37. Rh1 Rc8 38. Kf3 Rxc2 39. Rh6+ Kg7
40. Re6 Kf7 41. Re2 Rc3+ 42. Ke4 Kg6 43. Kd4 Bf6+ 44. Kd5 Kf5 45. Rf2 Kg4 46.
Bb8 Bd8 47. Rf4+ Kg5 48. Ra4 a5 49. Ke6 Bc7 50. Bxc7 Rxc7 51. Kd6 Rc3 52. g4
Rc2 53. Kd5 1/2-1/2

[Event "2. Memorial Oliver Gonzalez 2011"]
[Site "Madrid ESP"]
[Date "2011.10.15"]
[Round "8.66"]
[White "Calderon Martin, Antonio"]
[Black "Rottenwoehrer, Christoph"]
[Result "1-0"]
[WhiteElo "1728"]
[BlackElo "1588"]
[PlyCount "84"]
[EventDate "2011.10.08"]
[EventType "swiss"]
[EventRounds "9"]
[EventCountry "ESP"]
[Source "lmi"]
[SourceDate "2011.10.08"]

1. e4 c5 2. Nf3 g6 3. c3 d5 4. Bb5+ Nc6 5. exd5 Qxd5 6. O-O Bg4 7. c4 Qh5 8.
Bxc6+ bxc6 9. d3 Bxf3 10. Qxf3 Qxf3 11. gxf3 Bg7 12. Nc3 Nf6 13. Na4 Nd7 14.
Rb1 a5 15. Re1 e6 16. b3 O-O 17. Re4 Bd4 18. Bb2 e5 19. Rbe1 f6 20. Ba3 f5 21.
R4e2 f4 22. Bb2 Rf5 23. Kh1 Rg5 24. Nc3 Nf6 25. Ne4 Nxe4 26. Bxd4 cxd4 27. Rxe4
Re8 28. Rxd4 Kf7 29. Rde4 c5 30. Rg1 Rxg1+ 31. Kxg1 Kf6 32. Re2 Rd8 33. Rd2 g5
34. a3 h5 35. h3 Kf5 36. Kf1 g4 37. hxg4+ hxg4 38. fxg4+ Kxg4 39. Ke2 Rb8 40.
Rb2 Rb7 41. Rb1 Kh3 42. Kf3 Rd7 1-0

[Event "2. Memorial Oliver Gonzalez 2011"]
[Site "Madrid ESP"]
[Date "2011.10.15"]
[Round "8.67"]
[White "Veiga Rodriguez, Pablo"]
[Black "Sanchez Lopez, Maria"]
[Result "0-1"]
[WhiteElo "1578"]
[BlackElo "1711"]
[PlyCount "160"]
[EventDate "2011.10.08"]
[EventType "swiss"]
[EventRounds "9"]
[EventCountry "ESP"]
[Source "lmi"]
[SourceDate "2011.10.08"]

1. e4 e6 2. d4 d5 3. Nd2 Nf6 4. e5 Nfd7 5. Bd3 c5 6. c3 cxd4 7. cxd4 Nc6 8. Ne2
f6 9. exf6 Nxf6 10. O-O Bd6 11. Nf3 Qc7 12. g3 O-O 13. Qc2 Bd7 14. Ng5 h6 15.
Nh7 Nxh7 16. Bxh7+ Kh8 17. Bf4 Nxd4 18. Nxd4 Qxc2 19. Bxc2 e5 20. Be3 exd4 21.
Bxd4 Bc6 22. Rac1 a6 23. a3 Rf3 24. Bg6 Be7 25. h4 Raf8 26. Rc3 Rxc3 27. Bxc3
Bf6 28. Bb4 Rd8 29. b3 d4 30. Rd1 Bf3 31. Rd3 Be2 32. Rd2 d3 33. Ra2 Rc8 34.
Bd2 Rc2 35. Rxc2 dxc2 36. Bc1 Bd1 37. Kf1 Bc3 38. a4 Kg8 39. f4 Kf8 40. Ba3+
Kg8 41. Bc1 b5 42. axb5 axb5 43. Bd3 b4 44. Be2 Kf7 45. g4 Kf6 46. h5 Ke6 47.
Bc4+ Kd6 48. Be2 Kd5 49. g5 Ke4 50. gxh6 gxh6 51. Bb5 Bxh5 52. Bc6+ Kd4 53. Kf2
Kc5 54. Be4 Bd4+ 55. Ke1 Bd1 56. Kd2 Bc3+ 57. Kd3 h5 58. f5 h4 59. Bg2 Kd6 60.
Bf4+ Ke7 61. Bc1 Kf6 62. Bh3 Be5 63. Kc4 Bd6 64. Bb2+ Kf7 65. Bc1 Kf6 66. Kd5
Bf8 67. Bb2+ Kf7 68. Bc1 Bf3+ 69. Ke5 Bg7+ 70. Kf4 Bh6+ 71. Kxf3 Bxc1 72. f6
Bb2 73. Be6+ Kxe6 74. f7 Kxf7 75. Ke2 c1=Q 76. Kf2 Qc3 77. Ke2 Ke6 78. Kf2 Kf5
79. Ke2 Kf4 80. Kd1 Bc1 0-1

[Event "2. Memorial Oliver Gonzalez 2011"]
[Site "Madrid ESP"]
[Date "2011.10.15"]
[Round "8.68"]
[White "Sierra Bermejo, Gregorio"]
[Black "Tevar Becerra, Alvaro"]
[Result "0-1"]
[WhiteElo "1691"]
[BlackElo "1477"]
[PlyCount "51"]
[EventDate "2011.10.08"]
[EventType "swiss"]
[EventRounds "9"]
[EventCountry "ESP"]
[Source "lmi"]
[SourceDate "2011.10.08"]

1. e4 e5 2. Nf3 Nc6 3. Bb5 d6 4. d4 Bd7 5. Nc3 Nf6 6. Bg5 a6 7. Bxc6 Bxc6 8.
dxe5 dxe5 9. Qxd8+ Rxd8 10. Nxe5 Be7 11. Nxc6 bxc6 12. Ke2 h6 13. Be3 Rb8 14.
Rab1 O-O 15. f3 Rfe8 16. b3 Bb4 17. Na4 Re6 18. Rhd1 Rbe8 19. Rd3 Bd6 20. g3
Nd7 21. Kf2 Ne5 22. Rd4 g5 23. Kg2 Rf6 24. Rf1 Kh7 25. Rdd1 Rg8 26. Nc5 0-1

[Event "2. Memorial Oliver Gonzalez 2011"]
[Site "Madrid ESP"]
[Date "2011.10.15"]
[Round "8.70"]
[White "Zhynguel Ramirez De Verger, Ale"]
[Black "Yeves Miquel, Enrique"]
[Result "0-1"]
[WhiteElo "1516"]
[BlackElo "1677"]
[PlyCount "112"]
[EventDate "2011.10.08"]
[EventType "swiss"]
[EventRounds "9"]
[EventCountry "ESP"]
[Source "lmi"]
[SourceDate "2011.10.08"]

1. d4 d5 2. Bf4 c6 3. Nf3 Qb6 4. b3 Bf5 5. e3 e6 6. Bd3 Bxd3 7. Qxd3 Nf6 8. h3
Nbd7 9. Nbd2 c5 10. c3 cxd4 11. cxd4 Rc8 12. O-O Bb4 13. Rac1 O-O 14. Rc2 Bd6
15. Bxd6 Qxd6 16. Rfc1 Nb6 17. Rxc8 Rxc8 18. Rxc8+ Nxc8 19. Qc3 Ne7 20. Qc5
Qxc5 21. dxc5 Nc6 22. Nd4 Nd7 23. Nxc6 bxc6 24. b4 a6 25. Nb3 Kf8 26. Na5 Nb8
27. Kf1 Ke8 28. Ke2 Ke7 29. Kd3 e5 30. Nb7 Ke6 31. a4 f6 32. Nd6 g6 33. b5 cxb5
34. axb5 axb5 35. Nxb5 Kd7 36. f4 Na6 37. fxe5 fxe5 38. Nc3 Nxc5+ 39. Ke2 Ke6
40. Kf3 h6 41. g3 d4 42. exd4 exd4 43. Ne2 Ke5 44. Nf4 g5 45. Ne2 d3 46. Ng1
Kd4 47. Kf2 Ne4+ 48. Kg2 Ke3 49. Nf3 d2 50. Nxd2 Nxd2 51. g4 Ne4 52. h4 Kf4 53.
hxg5 hxg5 54. Kh3 Nf2+ 55. Kg2 Nxg4 56. Kh3 Ne3 0-1

[Event "2. Memorial Oliver Gonzalez 2011"]
[Site "Madrid ESP"]
[Date "2011.10.15"]
[Round "8.71"]
[White "Melcon Diez, Enrique"]
[Black "Ojosnegros Martin, Angel"]
[Result "0-1"]
[WhiteElo "1671"]
[BlackElo "1417"]
[PlyCount "70"]
[EventDate "2011.10.08"]
[EventType "swiss"]
[EventRounds "9"]
[EventCountry "ESP"]
[Source "lmi"]
[SourceDate "2011.10.08"]

1. c4 Nf6 2. Nc3 e6 3. e4 Be7 4. e5 Ng8 5. d4 d5 6. c5 Nc6 7. Qg4 g5 8. Nf3 h5
9. Qg3 Nh6 10. Bxg5 Bxg5 11. Qxg5 Qxg5 12. Nxg5 Nxd4 13. O-O-O Nc6 14. f4 Bd7
15. Bd3 O-O-O 16. Be2 h4 17. g3 Rdf8 18. gxh4 f6 19. Nf3 fxe5 20. fxe5 Nf5 21.
Bb5 Ne3 22. Be2 Nxd1 23. Nxd1 d4 24. Nf2 Nxe5 25. Nxe5 Rxf2 26. Bg4 c6 27. h5
Kc7 28. h3 Be8 29. Bxe6 Bxh5 30. Rg1 Kd8 31. Rg7 Rf1+ 32. Kd2 Rd1+ 33. Kc2 d3+
34. Nxd3 Be2 35. Ne5 Ke8 0-1

[Event "2. Memorial Oliver Gonzalez 2011"]
[Site "Madrid ESP"]
[Date "2011.10.15"]
[Round "8.77"]
[White "Garcia Hernandez, Javier"]
[Black "Morona Minguez, Miguel"]
[Result "1-0"]
[WhiteElo "1741"]
[BlackElo "1549"]
[PlyCount "79"]
[EventDate "2011.10.08"]
[EventType "swiss"]
[EventRounds "9"]
[EventCountry "ESP"]
[Source "lmi"]
[SourceDate "2011.10.08"]

1. d4 d5 2. c4 e6 3. Nc3 Nf6 4. cxd5 exd5 5. Bg5 Be7 6. e3 O-O 7. Bd3 Re8 8.
Qc2 h6 9. Bf4 Nc6 10. a3 Nh5 11. Nge2 Nxf4 12. Nxf4 Be6 13. Nxe6 fxe6 14. Qe2
Bf6 15. f4 Ne7 16. Kd2 Nf5 17. g4 Nd6 18. h4 Be7 19. g5 Bf8 20. gxh6 gxh6 21.
Qg4+ Bg7 22. Rhg1 Qf6 23. Rg2 Re7 24. Rag1 Nf5 25. Bxf5 exf5 26. Qg6 Qxg6 27.
Rxg6 c6 28. Rxh6 Kf7 29. Rhg6 Bh8 30. Na4 b6 31. Rxc6 Rae8 32. Rg3 Bf6 33. Rh3
Rd8 34. Nc3 Red7 35. Ne2 Rh8 36. h5 Rg8 37. Rc1 Ke6 38. Rg3 Rxg3 39. Nxg3 Rg7
40. Rc6+ 1-0

[Event "2. Memorial Oliver Gonzalez 2011"]
[Site "Madrid ESP"]
[Date "2011.10.15"]
[Round "8.79"]
[White "Bento Iglesias, Pablo"]
[Black "Garcia-Sanchez Navarro, Mariano"]
[Result "1-0"]
[WhiteElo "1389"]
[BlackElo "1573"]
[PlyCount "113"]
[EventDate "2011.10.08"]
[EventType "swiss"]
[EventRounds "9"]
[EventCountry "ESP"]
[Source "lmi"]
[SourceDate "2011.10.08"]

1. e4 e5 2. Nf3 Nc6 3. Bc4 h6 4. Nc3 Bc5 5. O-O Nge7 6. a3 d6 7. b4 Bb6 8. Bb2
a6 9. Ne2 Bg4 10. Ne1 Nd4 11. Bxd4 Bxd4 12. c3 Ba7 13. Kh1 b5 14. Ba2 O-O 15.
f3 Be6 16. Ng3 Bxa2 17. Rxa2 d5 18. Nc2 c5 19. Ne2 dxe4 20. fxe4 Qd3 21. Ng3
Rad8 22. Ne1 Qxc3 23. Nf3 Qc4 24. Rb2 Qe6 25. Nh4 c4 26. Qh5 Bd4 27. Rc2 Rc8
28. Ngf5 Nxf5 29. exf5 Qf6 30. Nf3 c3 31. Rd1 cxd2 32. Nxd4 exd4 33. Rcxd2 Rfd8
34. h4 Rc3 35. Rd3 Rxd3 36. Rxd3 Rc8 37. g3 Qc6+ 38. Kg1 Qc1+ 39. Qd1 Qxd1+ 40.
Rxd1 Rc4 41. Kf2 Kf8 42. Rd3 Ke7 43. Kf3 Kd6 44. Ke4 h5 45. Rxd4+ Ke7 46. Rxc4
bxc4 47. Kd4 c3 48. Kxc3 Kd6 49. Kd4 f6 50. a4 Kc6 51. Kc4 Kd6 52. b5 a5 53.
Kd4 Kd7 54. Kc5 Kc7 55. b6+ Kb7 56. Kb5 Ka8 57. Kc6 1-0

[Event "2. Memorial Oliver Gonzalez 2011"]
[Site "Madrid ESP"]
[Date "2011.10.16"]
[Round "9.4"]
[White "Rubio Mejia, Luis Ignacio"]
[Black "Vazquez Igarza, Renier"]
[Result "0-1"]
[WhiteElo "2433"]
[BlackElo "2572"]
[PlyCount "118"]
[EventDate "2011.10.08"]
[EventType "swiss"]
[EventRounds "9"]
[EventCountry "ESP"]
[Source "lmi"]
[SourceDate "2011.10.08"]

1. d4 Nf6 2. c4 e6 3. Nc3 Bb4 4. Bg5 h6 5. Bh4 c5 6. d5 Bxc3+ 7. bxc3 d6 8. e3
Qe7 9. Nf3 Nbd7 10. Be2 Nb6 11. dxe6 Bxe6 12. Nd2 Bf5 13. a4 Nbd7 14. Qb3 Rb8
15. Rd1 O-O 16. O-O Qe6 17. Rfe1 Ne5 18. f3 Bh7 19. Nf1 Kh8 20. e4 Nh5 21. Ne3
Nf4 22. Bg3 Nh5 23. Bf2 Nf4 24. Bg3 Nxe2+ 25. Rxe2 f5 26. Bxe5 Qxe5 27. Rd5 Qe7
28. exf5 Rbe8 29. Qd1 Bxf5 30. Rxd6 Bc2 31. Rxc2 Qxe3+ 32. Kf1 Qf4 33. Kg1 Qxc4
34. Qd2 Rf7 35. Rd8 Rfe7 36. Rxe8+ Rxe8 37. a5 Qa4 38. c4 Qb3 39. h3 b6 40. Rb2
Qxc4 41. axb6 axb6 42. Rxb6 Re2 43. Qd8+ Kh7 44. Qc7 Qd4+ 45. Kh2 c4 46. Qd6
Qxd6+ 47. Rxd6 c3 48. Rc6 c2 49. Kg3 Kg8 50. f4 Kf7 51. Kf3 Rd2 52. g4 Ke7 53.
Ke3 Rh2 54. h4 Kd7 55. Rc4 Kd6 56. Ke4 Re2+ 57. Kf5 Kd5 58. Rc3 Re6 59. g5 g6+
0-1

[Event "2. Memorial Oliver Gonzalez 2011"]
[Site "Madrid ESP"]
[Date "2011.10.16"]
[Round "9.5"]
[White "Moreno Trujillo, Alejandro"]
[Black "Martinez Martin, David"]
[Result "1/2-1/2"]
[WhiteElo "2473"]
[BlackElo "2401"]
[PlyCount "109"]
[EventDate "2011.10.08"]
[EventType "swiss"]
[EventRounds "9"]
[EventCountry "ESP"]
[Source "lmi"]
[SourceDate "2011.10.08"]

1. d4 Nf6 2. Nf3 d5 3. c4 e6 4. Bg5 Be7 5. e3 O-O 6. Nc3 h6 7. Bh4 b6 8. cxd5
Nxd5 9. Bxe7 Qxe7 10. Nxd5 exd5 11. Be2 Be6 12. O-O Nd7 13. Rc1 c5 14. b3 Rfc8
15. Qd2 Nf6 16. dxc5 Ne4 17. Qb2 bxc5 18. Nd2 Nxd2 19. Qxd2 c4 20. Bf3 cxb3 21.
axb3 Rxc1 22. Rxc1 Rb8 23. Bd1 Qb4 24. Rc3 Kf8 25. h3 Rd8 26. Rd3 Qxd2 27. Rxd2
Ke7 28. Kf1 Kd6 29. Ra2 Rd7 30. Ra5 Kc6 31. Ke2 Kb6 32. Ra4 a5 33. g4 Ra7 34.
Kd2 Bd7 35. Rf4 f6 36. h4 Be6 37. Ra4 Bd7 38. Rd4 Kc5 39. Kc3 Rb7 40. Bf3 Bc6
41. h5 Rb4 42. Be2 Rxd4 43. exd4+ Kd6 44. Bd3 Bd7 45. Bf5 Bb5 46. Kb2 Be2 47.
Ka3 Kc6 48. Ka4 Bd1 49. Bg6 Kd6 50. Bf5 Kc6 51. Kxa5 Bxb3 52. Kb4 Bd1 53. Ka5
Bf3 54. Ka6 Be2+ 55. Ka5 1/2-1/2

[Event "2. Memorial Oliver Gonzalez 2011"]
[Site "Madrid ESP"]
[Date "2011.10.16"]
[Round "9.6"]
[White "Almagro Llamas, Pablo"]
[Black "Pogorelov, Ruslan"]
[Result "0-1"]
[WhiteElo "2466"]
[BlackElo "2401"]
[PlyCount "104"]
[EventDate "2011.10.08"]
[EventType "swiss"]
[EventRounds "9"]
[EventCountry "ESP"]
[Source "lmi"]
[SourceDate "2011.10.08"]

1. e4 c6 2. d4 d5 3. e5 Bf5 4. Nc3 a6 5. Be3 e6 6. g4 Bg6 7. Nge2 c5 8. dxc5
Nd7 9. f4 Bxc5 10. Bxc5 Nxc5 11. Ng3 d4 12. Nce2 d3 13. Nc3 Qd4 14. Qd2 Ne4 15.
Ngxe4 Bxe4 16. Bxd3 Bxd3 17. cxd3 Ne7 18. O-O-O O-O 19. Rhe1 b5 20. Re4 Qb6 21.
Kb1 a5 22. Qe3 Qb7 23. f5 b4 24. Ne2 exf5 25. gxf5 Nxf5 26. Qh3 g6 27. Nf4 Ng7
28. Qh6 Rfd8 29. Rde1 b3 30. e6 fxe6 31. Nxg6 hxg6 32. Rh4 Qf3 33. axb3 a4 34.
bxa4 Qxd3+ 35. Ka1 Qf3 36. Qxg6 Rd1+ 37. Rxd1 Qxd1+ 38. Ka2 Rxa4+ 39. Rxa4
Qxa4+ 40. Kb1 Qd1+ 41. Ka2 Qd5+ 42. Ka1 Qh1+ 43. Ka2 Qxh2 44. Ka3 Qh5 45. Qf6
Qa5+ 46. Kb3 Qd5+ 47. Ka3 Nf5 48. Qg6+ Kf8 49. b4 Nd4 50. Qh6+ Ke8 51. Qg6+ Kd8
52. Qf6+ Kc8 0-1

[Event "2. Memorial Oliver Gonzalez 2011"]
[Site "Madrid ESP"]
[Date "2011.10.16"]
[Round "9.7"]
[White "Hernando Pertierra, Jose C"]
[Black "Herraiz Hidalgo, Herminio"]
[Result "1/2-1/2"]
[WhiteElo "2383"]
[BlackElo "2464"]
[PlyCount "84"]
[EventDate "2011.10.08"]
[EventType "swiss"]
[EventRounds "9"]
[EventCountry "ESP"]
[Source "lmi"]
[SourceDate "2011.10.08"]

1. e4 c5 2. Nf3 Nc6 3. g3 g6 4. Bg2 Bg7 5. O-O Nf6 6. d3 d5 7. Nbd2 O-O 8. Re1
e6 9. Rb1 a5 10. a4 Nb4 11. b3 Nd7 12. Bb2 Bxb2 13. Rxb2 Qf6 14. Qc1 b6 15. Rb1
Ba6 16. Re3 Rad8 17. Qb2 Qxb2 18. Rxb2 c4 19. dxc4 dxc4 20. Bf1 cxb3 21. cxb3
Bb7 22. Nc4 Nc5 23. Nfd2 Ncd3 24. Bxd3 Nxd3 25. Rb1 Nc5 26. Rb2 f5 27. exf5 Nd3
28. Rb1 exf5 29. Re7 Rf7 30. Rxf7 Kxf7 31. f3 Nc5 32. Rb2 Nd3 33. Rb1 Nb4 34.
Rb2 Nd3 35. Rb1 Nb4 36. Rb2 Nd3 37. Rb1 Nb4 38. Rb2 Nd5 39. Rc2 Kf6 40. Nf1 Rc8
41. Rd2 Ke7 42. Kf2 Rc5 1/2-1/2

[Event "2. Memorial Oliver Gonzalez 2011"]
[Site "Madrid ESP"]
[Date "2011.10.16"]
[Round "9.12"]
[White "Vazquez Torres, Adrian"]
[Black "Perez Mitjans, Orelvis"]
[Result "0-1"]
[WhiteElo "2148"]
[BlackElo "2451"]
[PlyCount "44"]
[EventDate "2011.10.08"]
[EventType "swiss"]
[EventRounds "9"]
[EventCountry "ESP"]
[Source "lmi"]
[SourceDate "2011.10.08"]

1. e4 c5 2. Nf3 d6 3. d4 cxd4 4. Nxd4 Nf6 5. Nc3 g6 6. f4 Nbd7 7. Nf3 Bg7 8. e5
dxe5 9. fxe5 Ng4 10. e6 fxe6 11. Ng5 Bxc3+ 12. bxc3 Qa5 13. Qxg4 Qxc3+ 14. Kd1
Qxa1 15. Qxe6 Qf6 16. Bb2 Qxg5 17. Bxh8 Nf6 18. Qb3 Bg4+ 19. Ke1 Qc1+ 20. Kf2
Qd2+ 21. Kg3 Ne4+ 22. Kxg4 Qg5+ 0-1

[Event "2. Memorial Oliver Gonzalez 2011"]
[Site "Madrid ESP"]
[Date "2011.10.16"]
[Round "9.13"]
[White "Cortes Jurado, Rafael"]
[Black "Hernando Rodrigo, Jose Maria"]
[Result "0-1"]
[WhiteElo "2101"]
[BlackElo "2328"]
[PlyCount "162"]
[EventDate "2011.10.08"]
[EventType "swiss"]
[EventRounds "9"]
[EventCountry "ESP"]
[Source "lmi"]
[SourceDate "2011.10.08"]

1. d4 f5 2. c4 Nf6 3. Nc3 d6 4. Nf3 g6 5. g3 Bg7 6. Bg2 O-O 7. O-O Qe8 8. Re1
Na6 9. b3 e5 10. dxe5 dxe5 11. Bb2 e4 12. Ng5 h6 13. Nh3 c6 14. Qd6 g5 15. f4
g4 16. Nf2 Be6 17. Rad1 Rf7 18. Qd2 h5 19. e3 h4 20. gxh4 Rd7 21. Qc1 Qh5 22.
Ne2 Qxh4 23. Ng3 Rf7 24. Rd6 Nc7 25. Red1 Nfe8 26. R6d2 Bf8 27. Be5 Rh7 28. Nf1
Bb4 29. Bc3 a5 30. Bxb4 axb4 31. Qb2 Kf7 32. Qe5 Qf6 33. Qc5 Qe7 34. Qd4 Nf6
35. Ng3 Rah8 36. Nf1 Rg8 37. Ng3 Nh5 38. Ngxe4 g3 39. Nd6+ Kf8 40. Nh3 gxh2+
41. Kxh2 Nf6 42. Nxb7 Nce8 43. Qc5 Bc8 44. Qxe7+ Kxe7 45. Nd8 Ng4+ 46. Kh1 Kf8
47. Re1 Bd7 48. e4 fxe4 49. Rxe4 c5 50. Ne6+ Bxe6 51. Rxe6 Ngf6 52. Re5 Rg3 53.
Kh2 Rg6 54. Rg5 Rgh6 55. Rd3 Re7 56. Rxc5 Re2 57. Kg1 Rxa2 58. Ng5 Ng4 59. Rf5+
Nef6 60. Rg3 Ke7 61. Ne4 Ra1+ 62. Bf1 Nxe4 63. Rxg4 Nd2 64. Rg7+ Ke6 65. Rd5
Nxf1 66. Kf2 Ra2+ 67. Kg1 Nd2 68. f5+ Kf6 69. Rg6+ Rxg6+ 70. fxg6 Nxb3 71. Rd6+
Kg7 72. Rb6 Ra4 73. Kf2 Nc5 74. Rb5 b3 75. Ke3 Rxc4 76. Rb6 Rg4 77. Rb5 Rg5 78.
Rb8 Rg3+ 79. Kd4 Na4 80. Kc4 b2 81. Kd4 Rg1 0-1

[Event "2. Memorial Oliver Gonzalez 2011"]
[Site "Madrid ESP"]
[Date "2011.10.16"]
[Round "9.14"]
[White "Renteria, Jorge"]
[Black "Dominguez Carmona, Miguel"]
[Result "1-0"]
[WhiteElo "2319"]
[BlackElo "2087"]
[PlyCount "31"]
[EventDate "2011.10.08"]
[EventType "swiss"]
[EventRounds "9"]
[EventCountry "ESP"]
[Source "lmi"]
[SourceDate "2011.10.08"]

1. e4 c5 2. Nf3 e6 3. d4 cxd4 4. Nxd4 a6 5. c4 Nf6 6. Nc3 Bb4 7. Bd3 Nc6 8. Nf3
Qc7 9. O-O O-O 10. Bd2 Ne5 11. Nxe5 Qxe5 12. Qe2 b6 13. f4 Qc5+ 14. Kh1 d6 15.
e5 Nd7 16. Qe4 1-0

[Event "2. Memorial Oliver Gonzalez 2011"]
[Site "Madrid ESP"]
[Date "2011.10.16"]
[Round "9.16"]
[White "Perez Gonzalez, Jose Manuel"]
[Black "Davicce Cañada, Juan Antonio"]
[Result "1-0"]
[WhiteElo "2304"]
[BlackElo "2088"]
[PlyCount "145"]
[EventDate "2011.10.08"]
[EventType "swiss"]
[EventRounds "9"]
[EventCountry "ESP"]
[Source "lmi"]
[SourceDate "2011.10.08"]

1. e4 c6 2. d4 d5 3. e5 Bf5 4. Nc3 Qb6 5. Nf3 e6 6. Be2 Nd7 7. O-O Ne7 8. b3
Bg4 9. Na4 Qc7 10. c4 Nf5 11. Bb2 Nb6 12. Nxb6 Qxb6 13. c5 Qc7 14. h3 Bxf3 15.
Bxf3 Be7 16. b4 O-O 17. Qd3 f6 18. Rfe1 Rae8 19. Bg4 g6 20. Bxf5 gxf5 21. Qg3+
Kh8 22. Bc1 Rg8 23. Qf3 fxe5 24. Rxe5 Rg6 25. Bf4 Qd7 26. Re2 Bf6 27. Be5 Bxe5
28. Rxe5 Reg8 29. g3 Qf7 30. Qf4 Rf6 31. Kg2 Qh5 32. Re3 Qf7 33. Rae1 Re8 34.
Qe5 Kg8 35. Rf3 Qg7 36. Rf4 Rf7 37. Qe3 Rf6 38. Qf3 Ref8 39. Re5 Qf7 40. Qa3 a6
41. Qb3 Rg6 42. a4 Qc7 43. b5 Rb8 44. Qe3 Qf7 45. Qe2 axb5 46. axb5 Qd7 47. Rf3
Ra8 48. Rb3 Kf7 49. bxc6 bxc6 50. Qb2 Ra7 51. Rb8 Rg8 52. Rxg8 Kxg8 53. Rxe6
Qxe6 54. Qb8+ Kg7 55. Qxa7+ Kg6 56. Qa4 h5 57. Qc2 Kf6 58. Qd2 Kg6 59. Qf4 Kh7
60. Kh2 Qf6 61. h4 Qg6 62. Qc7+ Kg8 63. Qd8+ Kh7 64. Qe7+ Kh8 65. Qg5 Qf7 66.
Qh6+ Kg8 67. Qxc6 f4 68. Qd6 fxg3+ 69. Qxg3+ Kh7 70. c6 Qe6 71. c7 Qc8 72. Qe5
Qg4 73. Qe7+ 1-0

[Event "2. Memorial Oliver Gonzalez 2011"]
[Site "Madrid ESP"]
[Date "2011.10.16"]
[Round "9.17"]
[White "Adan Bermudez, Sergio"]
[Black "Cabañas Bravo, Juan Andres"]
[Result "1-0"]
[WhiteElo "2287"]
[BlackElo "2065"]
[PlyCount "53"]
[EventDate "2011.10.08"]
[EventType "swiss"]
[EventRounds "9"]
[EventCountry "ESP"]
[Source "lmi"]
[SourceDate "2011.10.08"]

1. c4 Nf6 2. Nc3 d5 3. cxd5 Nxd5 4. g3 g6 5. Bg2 Nxc3 6. bxc3 c5 7. Rb1 Nd7 8.
d3 Bg7 9. Bd2 Qa5 10. Qc2 Qa6 11. Nf3 O-O 12. h4 Nf6 13. c4 Bd7 14. Ne5 Ba4 15.
Qc1 Rab8 16. Bh6 Qe6 17. Bxg7 Kxg7 18. Qc3 b6 19. h5 Rbd8 20. hxg6 hxg6 21. g4
Rd4 22. Qd2 Nxg4 23. Nxg4 Qxg4 24. Qh6+ Kf6 25. Bh3 Qh4 26. Qxf8 Bd7 27. Bg2
1-0

[Event "2. Memorial Oliver Gonzalez 2011"]
[Site "Madrid ESP"]
[Date "2011.10.16"]
[Round "9.18"]
[White "Madina Yadarola, Martin"]
[Black "Alvarez Abejon, Amilcar"]
[Result "1-0"]
[WhiteElo "2269"]
[BlackElo "2038"]
[PlyCount "37"]
[EventDate "2011.10.08"]
[EventType "swiss"]
[EventRounds "9"]
[EventCountry "ESP"]
[Source "lmi"]
[SourceDate "2011.10.08"]

1. d4 Nf6 2. Bg5 d6 3. Nc3 Nbd7 4. e4 e5 5. Nf3 Be7 6. Bc4 O-O 7. a4 c6 8. Ba2
h6 9. Bh4 Re8 10. O-O b6 11. Bg3 Bf8 12. dxe5 dxe5 13. Nxe5 Nxe5 14. Qxd8 Rxd8
15. Bxe5 Bb4 16. f3 Be6 17. Bxe6 fxe6 18. Rfd1 Nd7 19. Bc7 1-0

[Event "2. Memorial Oliver Gonzalez 2011"]
[Site "Madrid ESP"]
[Date "2011.10.16"]
[Round "9.21"]
[White "Aziz Ortego, Omar Luis"]
[Black "Pablos Tenrero, Raquel"]
[Result "1/2-1/2"]
[WhiteElo "2168"]
[BlackElo "1947"]
[PlyCount "100"]
[EventDate "2011.10.08"]
[EventType "swiss"]
[EventRounds "9"]
[EventCountry "ESP"]
[Source "lmi"]
[SourceDate "2011.10.08"]

1. e4 e5 2. Nf3 Nc6 3. Bb5 Nge7 4. c3 g6 5. d4 exd4 6. cxd4 a6 7. Ba4 b5 8. Bb3
Bg7 9. O-O O-O 10. Nc3 Na5 11. Bc2 d6 12. Bg5 h6 13. Be3 Bd7 14. a3 Rc8 15. d5
Nc4 16. Qc1 Kh7 17. Bd4 Ne5 18. Nxe5 dxe5 19. Bc5 f5 20. f3 Rf6 21. Qd2 Ra8 22.
b4 Nc8 23. f4 Rf7 24. Rad1 Nd6 25. exf5 Bxf5 26. Bxf5 Rxf5 27. fxe5 Bxe5 28.
Rxf5 Nxf5 29. Qe1 Qe8 30. Ne4 Nd6 31. Nf2 Bg7 32. Qf1 Qf7 33. Qd3 Re8 34. Bd4
Qxd5 35. Bxg7 Qxd3 36. Nxd3 Kxg7 37. Nc5 Re7 38. Nxa6 Nc4 39. Rd3 Kf6 40. Kf2
c6 41. Nc5 Kf5 42. h3 h5 43. a4 bxa4 44. Nxa4 Rb7 45. Rb3 Nd2 46. Rb2 Nc4 47.
Rb1 Nd2 48. Rb2 Nc4 49. Rb1 Nd2 50. Rb2 Nc4 1/2-1/2

[Event "2. Memorial Oliver Gonzalez 2011"]
[Site "Madrid ESP"]
[Date "2011.10.16"]
[Round "9.22"]
[White "Martin Duque, Jesus"]
[Black "Avendaño Mateos, Jose"]
[Result "1-0"]
[WhiteElo "2136"]
[BlackElo "2002"]
[PlyCount "165"]
[EventDate "2011.10.08"]
[EventType "swiss"]
[EventRounds "9"]
[EventCountry "ESP"]
[Source "lmi"]
[SourceDate "2011.10.08"]

1. d4 d5 2. c4 c6 3. Nc3 e6 4. Nf3 f5 5. Bf4 Nf6 6. e3 Bd6 7. Bd3 O-O 8. O-O
Ne4 9. Qc2 Bxf4 10. exf4 Bd7 11. Ne5 Be8 12. f3 Nd6 13. c5 Nf7 14. Nxf7 Bxf7
15. b4 Nd7 16. Rfd1 Kh8 17. b5 g5 18. bxc6 bxc6 19. Qa4 Qf6 20. Rac1 gxf4 21.
Ba6 e5 22. Bb7 exd4 23. Bxa8 Rxa8 24. Qxd4 Qxd4+ 25. Rxd4 Nxc5 26. Na4 Ne6 27.
Rd2 Be8 28. Nc5 Nxc5 29. Rxc5 Kg7 30. Kf2 Kf6 31. Ke2 Rb8 32. Kd3 Ke6 33. Ra5
Rb7 34. Re2+ Kd7 35. Kd4 Bg6 36. Kc5 Bf7 37. a4 d4 38. Rd2 Bd5 39. Rxd4 Ke6 40.
Rb4 Rg7 41. Rb2 h5 42. Re2+ Kf6 43. Kd6 h4 44. h3 Rg8 45. Kc5 Rg7 46. Kd6 Rg8
47. Rd2 Rg7 48. Rb2 Re7 49. Rb4 Re2 50. Rxa7 Rxg2 51. Rxf4 Rg3 52. Rh7 Bxf3 53.
Rhxh4 Be4 54. Kc5 Ke5 55. a5 Ra3 56. Kb4 Ra1 57. Rf2 c5+ 58. Kb5 c4 59. Kxc4
Rxa5 60. Rh8 Ra3 61. h4 Ra4+ 62. Kc3 Ra3+ 63. Kb4 Rh3 64. h5 Kd4 65. h6 Ke3 66.
Ra2 Rh4 67. Kc5 f4 68. Ra3+ Kf2 69. Kd4 Bg6 70. Ra2+ Kf3 71. Ke5 Ke3 72. Kf6
Bd3 73. Kg5 Rh1 74. Re8+ Kf3 75. Ra3 Rg1+ 76. Kf6 Rg6+ 77. Ke5 Rxh6 78. Rxd3+
Ke2 79. Kd4+ Kf2 80. Rf8 Rh4 81. Rd2+ Kg3 82. Rg8+ Kf3 83. Rgg2 1-0